000 00675nam a2200241Ia 4500
003 OSt
005 20220918212928.0
006 a|||||r|||| 00| 0
007 ta
008 220917b |||||||| |||| 00| 0 eng d
024 _a130,795
037 _cTextual
040 _aARTS
_cARTS
_beng
041 _2eng
_aeng
082 _aX:3M24xM18.1(Q7), L9-;1
100 _aRodinson Maxime
245 0 _aMarxism and the Muslim world tr by Michael Pallis
260 _aLondon
_bZed Press
_c1979
300 _avii,229p.
_ccm.
650 _aMARXISM
_934440
942 _hX:3M24xM18.1(Q7), L9-;1
_cTEXL
_2CC
999 _c253918
_d253918